Datum a čas kvízu
26.5
Celkem bodů
Celkový počet nahraných bodů na tomto kvízu bez doplňovacích otázek.
14.
Pořadí na kvízu
Konečné umístění týmu na tomto kvízu.
Zaznamenané odpovědi
| # | Otázka | Odpověď | Body | Výsledky |
|---|---|---|---|---|
| 1. | V Českých Budějovicích začal j... | voda | 1 | |
| 2. | Expedice Tatra kolem světa, kt... | Írán | 0 | |
| 3. | Na začátku minulého týdne bylo... | Jaroslav Uhlíř | 1 | |
| 4. | V pátek jsme se dozvěděli, že... | Obbod | 1 | |
| 5. | Fanoušci jednoho z fotbalových... | Benfica Lisabon | 0 | |
| 6. | Clint Eastwood oslavil posledn... | hrst, pár | 1 | |
| 7. | V souvislosti s Eastwoodem byc... | spaghetti western | 1 | |
| 8. | Který z těchto filmů Eastwood... | D | 0 | |
| 9. | Nechybělo mnoho a toto téma by... | C | 1 | |
| 10. | Jednou z nejznámějších písní v... | Blur | 1 |